[Event "Rottach Egern Seniors Cup 13th"]
[Site "Rottach Egern"]
[Date "2025.03.31"]
[Round "3"]
[White "Greul, Hans"]
[Black "Schwarz, Arnd Ruediger"]
[Result "1/2-1/2"]
[WhiteElo "1983"]
[BlackElo "2120"]
[PlyCount "29"]
[EventDate "2025.03.29"]
[EventType "swiss"]
[EventRounds "9"]
[EventCountry "GER"]
[SourceTitle "CB16_2025"]
[SourceDate "2025.04.16"]
[SourceVersion "1"]
[SourceVersionDate "2025.04.16"]
[SourceQuality "1"]

1. d4 Nf6 2. Nf3 g6 3. e3 Bg7 4. Be2 0-0 5. c4 d5 6. 0-0 c5 7. Nc3 cxd4 8. Nxd4 a6 9. cxd5 Nxd5 10. Nxd5 Qxd5 11. Bf3 Qc5 12. Qb3 e5 13. Ne2 Nc6 14. Bd2 Qb5 15. Qxb5 1/2-1/2

[Event "Rottach Egern Seniors Cup 13th"]
[Site "Rottach Egern"]
[Date "2025.03.30"]
[Round "2"]
[White "Schwarz, Arnd Ruediger"]
[Black "Wimmer, Alfred"]
[Result "1/2-1/2"]
[WhiteElo "2120"]
[BlackElo "1972"]
[PlyCount "78"]
[EventDate "2025.03.29"]
[EventType "swiss"]
[EventRounds "9"]
[EventCountry "GER"]
[SourceTitle "CB16_2025"]
[SourceDate "2025.04.16"]
[SourceVersion "1"]
[SourceVersionDate "2025.04.16"]
[SourceQuality "1"]

1. d4 d6 2. Nf3 Nf6 3. c4 g6 4. Nc3 Bg7 5. e4 Bg4 6. Be2 Bxf3 7. Bxf3 e5 8. Be3 Nc6 9. d5 Nd4 10. Bxd4 exd4 11. Qxd4 0-0 12. 0-0 Re8 13. Qd2 Nd7 14. g3 Nc5 15. Rae1 Qf6 16. Bg2 a6 17. Nd1 b5 18. b4 Nd7 19. c5 Qd4 20. Qxd4 Bxd4 21. cxd6 cxd6 22. Ne3 Ne5 23. Nc2 Bb6 24. Rc1 Nc4 25. Rfe1 Rac8 26. Bh3 Rc7 27. Na1 Rce7 28. Bg2 f5 29. Nb3 fxe4 30. Bh3 e3 31. f4 Rc7 32. Be6+ Kg7 33. Kg2 Ree7 34. g4 Nb2 35. Rxc7 Rxc7 36. Rc1 Nd3 37. Rxc7+ Bxc7 38. Kf3 Nxb4 39. Bc8 Nxa2 1/2-1/2

[Event "Hohenloher op 10th"]
[Site "Forchtenberg"]
[Date "2003.06.22"]
[Round "7"]
[White "Schloetzer, Waldemar"]
[Black "Schwarz, Arnd Ruediger"]
[Result "0-1"]
[WhiteElo "1801"]
[BlackElo "2137"]
[PlyCount "58"]
[EventDate "2003.06.19"]
[EventType "swiss"]
[EventRounds "7"]
[EventCountry "GER"]
[SourceTitle "EXT 2004"]
[Source "ChessBase"]
[SourceDate "2003.11.25"]
[SourceVersion "1"]
[SourceVersionDate "2003.11.25"]
[SourceQuality "1"]

1. d4 Nf6 2. c4 g6 3. Nc3 Bg7 4. e4 d6 5. f3 0-0 6. Be3 Nc6 7. Qd2 a6 8. Nge2 Rb8 9. Nc1 e5 10. Nb3 exd4 11. Nxd4 Ne5 12. 0-0-0 c6 13. Be2 b5 14. g4 bxc4 15. f4 c5 16. Nf3 Nexg4 17. Bxc5 Nxe4 18. Nxe4 Bxb2+ 19. Qxb2 Rxb2 20. Kxb2 Bf5 21. Nxd6 Qf6+ 22. Rd4 Rb8+ 23. Kc3 Ne3 24. Kd2 Nc2 25. Rxc4 Qb2 26. Rd1 Nd4+ 27. Ke3 Qxe2+ 28. Kxd4 Qxd1+ 29. Ke5 Qxf3 0-1

[Event "Hohenloher op 10th"]
[Site "Forchtenberg"]
[Date "2003.06.20"]
[Round "3"]
[White "Unterkoffler, Thomas"]
[Black "Schwarz, Arnd Ruediger"]
[Result "0-1"]
[WhiteElo "1821"]
[BlackElo "2137"]
[PlyCount "114"]
[EventDate "2003.06.19"]
[EventType "swiss"]
[EventRounds "7"]
[EventCountry "GER"]
[SourceTitle "EXT 2004"]
[Source "ChessBase"]
[SourceDate "2003.11.25"]
[SourceVersion "1"]
[SourceVersionDate "2003.11.25"]
[SourceQuality "1"]

1. d4 Nf6 2. Nf3 g6 3. g3 Bg7 4. Bg2 0-0 5. 0-0 d5 6. Nbd2 c6 7. c4 a6 8. b3 Ne4 9. Bb2 f5 10. cxd5 cxd5 11. e3 Nc6 12. Qe2 Bd7 13. Rfc1 Rf7 14. a3 e6 15. Rc2 Be8 16. Rac1 Nd6 17. Ne5 Nxe5 18. dxe5 Bb5 19. Qe1 Ne8 20. a4 Bd7 21. f4 Bf8 22. Nf3 Rc8 23. Nd4 Rxc2 24. Rxc2 Bc8 25. Qc1 Rc7 26. Bf1 Rxc2 27. Qxc2 Qc7 28. Qxc7 Nxc7 29. Kf2 Kf7 30. Ke2 Bd7 31. Kd2 Bc5 32. Nc2 Ke8 33. Ba3 Ba7 34. Bd6 Kd8 35. Bb4 Kc8 36. Bc3 Bc5 37. Bd4 b6 38. Be2 Kb7 39. Kc3 Be7 40. h4 a5 41. Kb2 Na6 42. Bxa6+ Kxa6 43. Kc3 b5 44. axb5+ Bxb5 45. Kd2 a4 46. bxa4 Bxa4 47. Ne1 Kb5 48. Nf3 h6 49. Bc3 Kc4 50. Nd4 Bd7 51. Nf3 Ba3 52. Ba5 Bc5 53. Ne1 d4 54. Nc2 dxe3+ 55. Nxe3+ Kd4 56. Bc3+ Ke4 57. Nf1 Bb5 0-1

[Event "Hohenloher op 10th"]
[Site "Forchtenberg"]
[Date "2003.06.19"]
[Round "2"]
[White "Schwarz, Arnd Ruediger"]
[Black "Teske, Henrik"]
[Result "0-1"]
[WhiteElo "2137"]
[BlackElo "2524"]
[PlyCount "38"]
[EventDate "2003.06.19"]
[EventType "swiss"]
[EventRounds "7"]
[EventCountry "GER"]
[SourceTitle "EXT 2004"]
[Source "ChessBase"]
[SourceDate "2003.11.25"]
[SourceVersion "1"]
[SourceVersionDate "2003.11.25"]
[SourceQuality "1"]

1. Nf3 Nf6 2. d4 d5 3. c4 dxc4 4. e3 Bg4 5. Bxc4 e6 6. 0-0 Bd6 7. Nbd2 Nc6 8. a3 0-0 9. Qc2 Bh5 10. Bd3 e5 11. dxe5 Bxe5 12. Bb5 Bg6 13. Qa4 Bd6 14. Bxc6 bxc6 15. Qxc6 Re8 16. Re1 Ne4 17. Nf1 Nc5 18. N3d2 Rb8 19. b4 Nd3 0-1

[Event "Neckar op 2nd"]
[Site "Deizisau"]
[Date "1998.04.11"]
[Round "7"]
[White "Steiger, Wolfgang"]
[Black "Schwarz, Arnd Ruediger"]
[Result "1-0"]
[WhiteElo "2350"]
[BlackElo "2140"]
[PlyCount "109"]
[EventDate "1998.04.05"]
[EventType "swiss"]
[EventRounds "9"]
[EventCountry "GER"]
[SourceTitle "EXT 2000"]
[Source "ChessBase"]
[SourceDate "1999.11.16"]
[SourceVersion "1"]
[SourceVersionDate "1999.11.16"]
[SourceQuality "1"]

1. c4 Nf6 2. Nc3 g6 3. Nf3 Bg7 4. g3 0-0 5. Bg2 d5 6. cxd5 Nxd5 7. 0-0 Nb6 8. d3 Nc6 9. Be3 e5 10. Bc5 Re8 11. Qc1 Nd4 12. Nd2 c6 13. Re1 f5 14. Ba3 Bh6 15. e3 Ne6 16. Qc2 Nc7 17. Nc4 Nxc4 18. dxc4 Be6 19. Na4 Na6 20. Rad1 Qf6 21. b3 Bg7 22. Bb2 Qe7 23. Qd2 Rad8 24. Qa5 Qc7 25. Qxc7 Nxc7 26. Nc5 Bc8 27. e4 Ne6 28. Nxe6 Bxe6 29. exf5 Bxf5 30. Bc1 Bc2 31. Rxd8 Rxd8 32. Be3 a6 33. Bb6 Rd7 34. Rc1 Bf5 35. Be3 Bf8 36. c5 Kf7 37. Bf1 Bd3 38. Rd1 e4 39. f3 Re7 40. Bxd3 exd3 41. Kf2 Rd7 42. Ke1 Rd5 43. b4 b6 44. cxb6 Bxb4+ 45. Kf2 Bd6 46. Rb1 c5 47. b7 c4 48. Bf4 Bc5+ 49. Ke1 Ba7 50. b8Q Bxb8 51. Rxb8 c3 52. Rc8 g5 53. Bxg5 Re5+ 54. Kd1 Rxg5 55. Rxc3 1-0

[Event "Boeblingen op 15th"]
[Site "Boeblingen"]
[Date "1998.??.??"]
[Round "?"]
[White "Meissner, Bernd"]
[Black "Schwarz, Arnd Ruediger"]
[Result "1-0"]
[WhiteElo "2315"]
[BlackElo "2145"]
[PlyCount "75"]
[EventDate "1998.12.26"]
[EventType "swiss"]
[EventRounds "9"]
[EventCountry "GER"]
[SourceTitle "EXT 2001"]
[Source "ChessBase"]
[SourceDate "2000.11.22"]
[SourceVersion "1"]
[SourceVersionDate "2000.11.22"]
[SourceQuality "1"]

1. d4 Nf6 2. c4 g6 3. Nc3 Bg7 4. e4 d6 5. f3 0-0 6. Nge2 e5 7. Bg5 Nbd7 8. Qd2 h6 9. Be3 c6 10. d5 cxd5 11. cxd5 a6 12. g4 h5 13. g5 Nh7 14. Rg1 b5 15. Nc1 f6 16. gxf6 Rxf6 17. Be2 Nb6 18. b3 b4 19. Nd1 a5 20. Nd3 Bd7 21. Rc1 Be8 22. N1b2 Rf8 23. Bd1 Bf6 24. Nc4 Nc8 25. Qg2 Bh4+ 26. Nf2 Kh8 27. Kd2 Rg8 28. Nd3 Na7 29. f4 exf4 30. Bxf4 Nb5 31. Bxh5 Bf7 32. Bf3 g5 33. Be3 g4 34. Bxg4 Nf6 35. Qf3 Qe7 36. Bf5 Rxg1 37. Rxg1 Re8 38. Qf4 1-0

[Event "Leipzig VfB op 05th"]
[Site "Leipzig"]
[Date "1998.??.??"]
[Round "8"]
[White "Schwarz, Arnd Ruediger"]
[Black "Wagner, Bernd"]
[Result "1-0"]
[WhiteElo "2140"]
[BlackElo "2220"]
[PlyCount "85"]
[EventDate "1998.03.??"]
[EventType "swiss"]
[EventRounds "9"]
[EventCountry "GER"]
[SourceTitle "EXT 1999"]
[Source "ChessBase"]
[SourceDate "1998.11.16"]
[SourceVersion "1"]
[SourceVersionDate "1998.11.16"]
[SourceQuality "1"]

1. Nf3 Nf6 2. d4 g6 3. c4 c5 4. d5 b5 5. cxb5 a6 6. b6 Qxb6 7. Nc3 d6 8. e4 Nbd7 9. Be2 Bg7 10. 0-0 0-0 11. Nd2 Rb8 12. Nc4 Qa7 13. Na5 Bb7 14. Bf4 Qb6 15. Nc4 Qc7 16. a4 Bc8 17. Qd2 Nb6 18. Ne3 Nbd7 19. a5 Rb4 20. Nc4 Nh5 21. Bg5 Nhf6 22. f3 Rd8 23. Rfc1 Kf8 24. Na2 Rb8 25. Rab1 Qa7 26. b4 cxb4+ 27. Be3 Nc5 28. Nxb4 Bd7 29. e5 Ne8 30. exd6 Nxd6 31. Nb6 Bf5 32. Bxc5 Bxb1 33. Rxb1 Qc7 34. Nc6 Nf5 35. Rd1 Rdc8 36. Bxa6 h5 37. Bxc8 Be5 38. Nd7+ Kg7 39. Ndxe5 Rxc8 40. Bf2 Nd6 41. a6 f6 42. Nd4 Kh7 43. Ne6 1-0

[Event "Boeblingen op 15th"]
[Site "Boeblingen"]
[Date "1998.??.??"]
[Round "?"]
[White "Vatter, Hans Joachim"]
[Black "Schwarz, Arnd Ruediger"]
[Result "0-1"]
[WhiteElo "2385"]
[BlackElo "2145"]
[PlyCount "82"]
[EventDate "1998.12.26"]
[EventType "swiss"]
[EventRounds "9"]
[EventCountry "GER"]
[SourceTitle "EXT 2001"]
[Source "ChessBase"]
[SourceDate "2000.11.22"]
[SourceVersion "1"]
[SourceVersionDate "2000.11.22"]
[SourceQuality "1"]

1. e4 g6 2. d4 Bg7 3. Nc3 d6 4. f4 Nf6 5. Nf3 0-0 6. Be2 c5 7. dxc5 Qa5 8. 0-0 Qxc5+ 9. Kh1 Nc6 10. Qe1 a6 11. Bd3 Bg4 12. Be3 Qh5 13. Ne2 Qa5 14. c3 Bxf3 15. Rxf3 e5 16. f5 d5 17. Qh4 dxe4 18. Bxe4 Qb5 19. Ng3 Ne7 20. Bh6 Nxe4 21. Bxg7 Nxg3+ 22. hxg3 Nxf5 23. Rxf5 Kxg7 24. Raf1 f6 25. R5f2 f5 26. c4 Qc5 27. g4 fxg4 28. Rxf8 Rxf8 29. Rxf8 Qxf8 30. Qxg4 Qf1+ 31. Kh2 Qf4+ 32. Kh3 Qxg4+ 33. Kxg4 Kf6 34. b4 h5+ 35. Kf3 g5 36. a4 g4+ 37. Ke4 h4 38. c5 Ke6 39. a5 h3 40. gxh3 gxh3 41. Kf3 e4+ 0-1